Datum a čas kvízu
43
Celkem bodů
Celkový počet nahraných bodů na tomto kvízu bez doplňovacích otázek.
3.
Pořadí na kvízu
Konečné umístění týmu na tomto kvízu.
Zaznamenané odpovědi
| # | Otázka | Odpověď | Body | Výsledky |
|---|---|---|---|---|
| 1. | Minulý týden byla představena... | Lidl | 1 | |
| 2. | Úterní předčasné parlamentní v... | Grónsko | 1 | |
| 3. | Ve středu vystoupil v pražské... | Lenny Kravitz | 1 | |
| 4. | Dozorčí rada Moravskoslezských... | Hrušovany | 1 | |
| 5. | Čeští reprezentanti porazili v... | futsal | 1 | |
| 6. | V příštích pěti otázkách vždy... | D | 0 | |
| 7. | Který prezident USA mohl v obd... | Lyndon B. Johnson | 1 | |
| 8. | Co nemohl během svého působení... | B | 1 | |
| 9. | Ze kterého města pocházel tým,... | Zlín | 1 | |
| 10. | O které z těchto událostí se z... | D | 1 |